[Event "Catalunya-chT Gp2"]
[Site "Barcelona"]
[Date "2024.03.02"]
[Round "7.10"]
[White "Alvarez Albiol, Victor"]
[Black "Diaz Comas, Jordi"]
[Result "1-0"]
[WhiteElo "2123"]
[BlackElo "1836"]
[PlyCount "81"]
[EventDate "2024.01.20"]
[EventType "team-tourn"]
[EventRounds "7"]
[EventCountry "ESP"]
[SourceTitle "CB11_2024"]
[SourceDate "2024.03.13"]
[SourceVersion "1"]
[SourceVersionDate "2024.03.13"]
[SourceQuality "1"]
[WhiteTeam "Foment Martinenc"]
[BlackTeam "Platja D'Aro"]
[WhiteTeamCountry "ESP"]
[BlackTeamCountry "ESP"]

1. e4 e5 2. Nf3 Nc6 3. Nc3 Nf6 4. g3 Bc5 5. Bg2 a6 6. Nxe5 Nxe5 7. d4 Bd6 8. f4 Nc6 9. e5 Bb4 10. d5 Nxd5 11. Qxd5 Qe7 12. 0-0 Qc5+ 13. Kh1 Qxd5 14. Nxd5 Ba5 15. Be3 Nb4 16. Bc5 Nxd5 17. Bxd5 c6 18. Bf3 Bd8 19. Rfd1 b6 20. Bd6 Bb7 21. c4 Be7 22. b4 a5 23. Rab1 axb4 24. Rxb4 Ba6 25. Rxb6 Bxd6 26. exd6 0-0 27. Rb4 Rfe8 28. a4 g6 29. Kg2 Re6 30. Kf2 Kg7 31. c5 Rae8 32. Rd2 Re1 33. Rb6 Bc4 34. Rb7 Rf1+ 35. Kg2 Ra1 36. Rxd7 Ree1 37. Re7 Rg1+ 38. Kh3 Bf1+ 39. Kh4 Kf6 40. d7 Rxa4 41. Rd6+ 1-0

[Event "Catalunya-chT Gp2"]
[Site "Barcelona"]
[Date "2024.02.24"]
[Round "6.10"]
[White "Herman Gamazo, Isaac"]
[Black "Alvarez Albiol, Victor"]
[Result "1-0"]
[WhiteElo "2086"]
[BlackElo "2123"]
[PlyCount "61"]
[EventDate "2024.01.20"]
[EventType "team-tourn"]
[EventRounds "7"]
[EventCountry "ESP"]
[SourceTitle "CB11_2024"]
[SourceDate "2024.03.13"]
[SourceVersion "1"]
[SourceVersionDate "2024.03.13"]
[SourceQuality "1"]
[WhiteTeam "Barbera"]
[BlackTeam "Foment Martinenc"]
[WhiteTeamCountry "ESP"]
[BlackTeamCountry "ESP"]

1. e4 c5 2. Nf3 e6 3. d4 cxd4 4. Nxd4 Nc6 5. Nc3 Qc7 6. f4 a6 7. Nxc6 Qxc6 8. Bd3 b5 9. Qe2 Bb7 10. Bd2 Bc5 11. a3 Ne7 12. 0-0-0 0-0 13. Rhf1 f6 14. Qh5 Rf7 15. g4 Rc8 16. f5 e5 17. Rf3 Qb6 18. Rh3 h6 19. g5 fxg5 20. Bxg5 Bxa3 21. bxa3 Rxc3 22. f6 Rxf6 23. Bxf6 Qxf6 24. Rg3 Kh7 25. Rf1 Qe6 26. Rf7 Ng6 27. Qf5 Rc6 28. h4 Kg8 29. Rxd7 Bc8 30. Qxe6+ Rxe6 31. Rd8+ 1-0

[Event "Titled Tuesday intern op 26th Sep Late"]
[Site "Chess.com INT"]
[Date "2023.09.26"]
[Round "7"]
[White "Zavgorodniy, Sergiy"]
[Black "Alvarez Albiol, Victor"]
[Result "1/2-1/2"]
[WhiteElo "2416"]
[BlackElo "2159"]
[PlyCount "77"]
[EventDate "2023.09.26"]
[EventType "swiss (blitz)"]
[EventRounds "11"]
[EventCountry "USA"]
[SourceTitle "EXT 2024"]
[Source "ChessBase"]
[SourceDate "2023.10.10"]
[SourceVersion "1"]
[SourceVersionDate "2023.10.10"]
[SourceQuality "1"]

1. d4 Nf6 2. c4 e6 3. Nf3 d5 4. e3 Be7 5. Nbd2 0-0 6. Bd3 b6 7. 0-0 Bb7 8. Qe2 Nbd7 9. e4 dxe4 10. Nxe4 Nxe4 11. Bxe4 Bxe4 12. Qxe4 Nf6 13. Qe2 c5 14. Rd1 Qc7 15. b3 Rfd8 16. Bb2 Rac8 17. Rd3 h6 18. Rad1 Rd7 19. Ne5 Rdd8 20. h3 cxd4 21. Bxd4 a6 22. a4 Qb7 23. Kf1 b5 24. axb5 axb5 25. Ba1 Rxd3 26. Qxd3 bxc4 27. bxc4 Rd8 28. Qe2 Rxd1+ 29. Qxd1 Qa6 30. Kg1 Ne4 31. Bd4 Bf6 32. Qf3 Nd2 33. Qh5 Nxc4 34. Qxf7+ Kh7 35. Qg6+ Kg8 36. Qe8+ Kh7 37. Qg6+ Kg8 38. Qf7+ Kh7 39. Qg6+ 1/2-1/2

[Event "Titled Tuesday intern op 19th Sep Late"]
[Site "Chess.com INT"]
[Date "2023.09.19"]
[Round "3"]
[White "Jaskolka, Tomasz"]
[Black "Alvarez Albiol, Victor"]
[Result "0-1"]
[WhiteElo "2228"]
[BlackElo "2159"]
[PlyCount "114"]
[EventDate "2023.09.19"]
[EventType "swiss (blitz)"]
[EventRounds "11"]
[EventCountry "USA"]
[SourceTitle "EXT 2024"]
[Source "ChessBase"]
[SourceDate "2023.10.10"]
[SourceVersion "1"]
[SourceVersionDate "2023.10.10"]
[SourceQuality "1"]

1. e4 c5 2. Nf3 e6 3. b4 b6 4. b5 Bb7 5. Nc3 Nf6 6. e5 Nd5 7. Nxd5 Bxd5 8. c4 Bb7 9. Bb2 d5 10. exd6 Qxd6 11. Be2 Nd7 12. 0-0 Nf6 13. d4 Be7 14. dxc5 Qxc5 15. a4 0-0 16. a5 Rfd8 17. Qb3 Qb4 18. Qxb4 Bxb4 19. axb6 axb6 20. Rxa8 Bxa8 21. Rd1 Rxd1+ 22. Bxd1 Bc5 23. Bc2 Bxf3 24. gxf3 Nh5 25. Be5 f6 26. Bc7 e5 27. Be4 Nf4 28. Kf1 Kf7 29. Ke1 g6 30. Bd5+ Ke7 31. Bg8 h5 32. Kf1 h4 33. Bb8 h3 34. Kg1 Nd3 35. Bd5 Nxf2 36. Kf1 Nd3 37. Ke2 Nf4+ 38. Kf1 Ng2 39. Ke2 Ne3 40. Be4 Nf5 41. Bxf5 gxf5 42. f4 e4 43. Kf1 Kd7 44. Ba7 Kc7 45. Ke2 Kb7 46. Kd2 Kxa7 47. Ke2 Bg1 48. Kf1 Bxh2 49. Kf2 Bxf4 50. Kg1 Bd6 51. Kh1 f4 52. c5 Bxc5 53. Kh2 f3 54. Kg3 f2 55. Kh2 f1Q 56. Kg3 Qf3+ 57. Kh4 Bf2# 0-1

[Event "Titled Tuesday intern op 19th Sep Late"]
[Site "Chess.com INT"]
[Date "2023.09.19"]
[Round "6"]
[White "Sroczynski, Maciej"]
[Black "Alvarez Albiol, Victor"]
[Result "1/2-1/2"]
[WhiteElo "2271"]
[BlackElo "2159"]
[PlyCount "68"]
[EventDate "2023.09.19"]
[EventType "swiss (blitz)"]
[EventRounds "11"]
[EventCountry "USA"]
[SourceTitle "EXT 2024"]
[Source "ChessBase"]
[SourceDate "2023.10.10"]
[SourceVersion "1"]
[SourceVersionDate "2023.10.10"]
[SourceQuality "1"]

1. Nf3 Nf6 2. g3 g6 3. Bg2 Bg7 4. 0-0 0-0 5. d3 c5 6. e4 Nc6 7. c3 d5 8. Nbd2 Bg4 9. h3 Bxf3 10. Qxf3 e6 11. Qe2 Qe7 12. Re1 Rfd8 13. Nf3 dxe4 14. dxe4 Nd7 15. Bg5 f6 16. Be3 Nde5 17. Nxe5 Nxe5 18. Rad1 b6 19. f4 Nf7 20. e5 Rxd1 21. Rxd1 Rd8 22. exf6 Bxf6 23. Bf2 Rxd1+ 24. Qxd1 e5 25. Bd5 exf4 26. gxf4 Kg7 27. Qf3 Nd6 28. Qe3 Nf5 29. Qxe7+ Bxe7 30. Kg2 Bd6 31. Kf3 Kf6 32. Be4 Bc7 33. a4 a5 34. Bd3 Bd6 1/2-1/2

[Event "Titled Tuesday intern op 12th Sep Late"]
[Site "Chess.com INT"]
[Date "2023.09.12"]
[Round "1"]
[White "Alvarez Albiol, Victor"]
[Black "Sebenik, Matej"]
[Result "0-1"]
[WhiteElo "2159"]
[BlackElo "2523"]
[PlyCount "76"]
[EventDate "2023.09.12"]
[EventType "swiss (blitz)"]
[EventRounds "11"]
[EventCountry "USA"]
[SourceTitle "EXT 2024"]
[Source "ChessBase"]
[SourceDate "2023.10.10"]
[SourceVersion "1"]
[SourceVersionDate "2023.10.10"]
[SourceQuality "1"]

1. e4 e5 2. Nf3 Nc6 3. Nc3 Nf6 4. a3 d5 5. Bb5 Nxe4 6. Qe2 Nxc3 7. dxc3 Bd6 8. Nxe5 0-0 9. Nxc6 bxc6 10. Bxc6 Rb8 11. 0-0 Bxh2+ 12. Kxh2 Qd6+ 13. Kg1 Qxc6 14. Qf3 Qg6 15. Bf4 Rxb2 16. Bxc7 Bf5 17. Qg3 Rxc2 18. Qxg6 Bxg6 19. Rfc1 f6 20. Rxc2 Bxc2 21. Rc1 Rc8 22. Ba5 Bf5 23. f3 d4 24. Kf2 Rc4 25. Bb4 h5 26. Ke2 h4 27. Kd2 d3 28. Re1 g5 29. Re8+ Kf7 30. Re7+ Kg6 31. Rxa7 g4 32. fxg4 Rxg4 33. Ra8 Rxg2+ 34. Ke3 h3 35. Rg8+ Kf7 36. Rxg2 hxg2 37. Kf2 d2 38. c4 d1Q 0-1

[Event "Titled Tuesday intern op 12th Sep Late"]
[Site "Chess.com INT"]
[Date "2023.09.12"]
[Round "3"]
[White "Wagner, Dennis"]
[Black "Alvarez Albiol, Victor"]
[Result "1-0"]
[WhiteElo "2589"]
[BlackElo "2159"]
[PlyCount "53"]
[EventDate "2023.09.12"]
[EventType "swiss (blitz)"]
[EventRounds "11"]
[EventCountry "USA"]
[SourceTitle "EXT 2024"]
[Source "ChessBase"]
[SourceDate "2023.10.10"]
[SourceVersion "1"]
[SourceVersionDate "2023.10.10"]
[SourceQuality "1"]

1. e4 c5 2. Nf3 e6 3. Nc3 Nc6 4. Bb5 Nd4 5. 0-0 a6 6. Bd3 Nc6 7. Be2 Nf6 8. d4 cxd4 9. Nxd4 Qc7 10. Be3 Bb4 11. Nxc6 bxc6 12. f4 Bxc3 13. bxc3 Nxe4 14. Bd3 f5 15. Bxe4 fxe4 16. Bc5 d5 17. Rb1 Rb8 18. Rxb8 Qxb8 19. Qh5+ g6 20. Qg5 Qc7 21. Rb1 Kf7 22. Bd4 Rf8 23. Be5 Qe7 24. Qh6 Kg8 25. h4 c5 26. Rb6 d4 27. Bd6 1-0

[Event "Titled Tuesday intern op 05th Sep Late"]
[Site "Chess.com INT"]
[Date "2023.09.05"]
[Round "5"]
[White "Alvarez Albiol, Victor"]
[Black "Schnaider, Ilan"]
[Result "0-1"]
[WhiteElo "2159"]
[BlackElo "2292"]
[PlyCount "72"]
[EventDate "2023.09.05"]
[EventType "swiss (blitz)"]
[EventRounds "11"]
[EventCountry "USA"]
[SourceTitle "EXT 2024"]
[Source "ChessBase"]
[SourceDate "2023.10.10"]
[SourceVersion "1"]
[SourceVersionDate "2023.10.10"]
[SourceQuality "1"]

1. e4 e5 2. Nf3 Nc6 3. Nc3 Nf6 4. a3 Bc5 5. Nxe5 Nxe5 6. d4 Bxd4 7. Qxd4 Nc6 8. Qd3 0-0 9. Bg5 h6 10. Bh4 Ne5 11. Qd2 Ng6 12. Bg3 d6 13. 0-0-0 Re8 14. Bd3 Be6 15. f4 Bg4 16. Rde1 c6 17. f5 Nf8 18. h3 Bh5 19. Bh4 g5 20. fxg6 Bxg6 21. Qxh6 Re5 22. g4 N8d7 23. Bg3 Re6 24. Bc4 d5 25. exd5 cxd5 26. Nxd5 Rxe1+ 27. Rxe1 Nxd5 28. Bxd5 Qf6 29. Bh4 Qd6 30. Rd1 Qb6 31. Qg5 Rc8 32. c3 Rf8 33. Qf4 Nc5 34. Bc4 Nb3+ 35. Bxb3 Qxb3 36. Bf6 Qc2# 0-1

[Event "Titled Tuesday intern op 05th Sep Late"]
[Site "Chess.com INT"]
[Date "2023.09.05"]
[Round "8"]
[White "Alvarez Albiol, Victor"]
[Black "Vlassov, Nikolai"]
[Result "0-1"]
[WhiteElo "2159"]
[BlackElo "2283"]
[PlyCount "84"]
[EventDate "2023.09.05"]
[EventType "swiss (blitz)"]
[EventRounds "11"]
[EventCountry "USA"]
[SourceTitle "EXT 2024"]
[Source "ChessBase"]
[SourceDate "2023.10.10"]
[SourceVersion "1"]
[SourceVersionDate "2023.10.10"]
[SourceQuality "1"]

1. e4 Nc6 2. Nf3 d5 3. exd5 Qxd5 4. Nc3 Qa5 5. d4 Bg4 6. d5 0-0-0 7. Bd2 Nb4 8. Bc4 Bxf3 9. gxf3 Nf6 10. a3 Qc5 11. axb4 Qxc4 12. Rxa7 Nxd5 13. Ra8+ Kd7 14. Rxd8+ Kxd8 15. Be3 e6 16. Qd4 Qxd4 17. Bxd4 Nxb4 18. Kd2 f6 19. f4 Bd6 20. Be3 Nd5 21. Nxd5 exd5 22. f5 Re8 23. Rg1 Bf8 24. f4 Kd7 25. Ra1 Bd6 26. Ra7 Kc6 27. Ra4 Re4 28. Rxe4 dxe4 29. c4 Bc5 30. b3 b5 31. h3 bxc4 32. bxc4 Bxe3+ 33. Kxe3 Kc5 34. Kxe4 Kxc4 35. h4 c5 36. h5 h6 37. Ke3 Kb3 38. Ke4 c4 39. Kd5 c3 40. Ke6 c2 41. Kf7 c1Q 42. Kxg7 Qxf4 0-1

[Event "Titled Tuesday intern op 05th Sep Late"]
[Site "Chess.com INT"]
[Date "2023.09.05"]
[Round "7"]
[White "Cardenas Carbajal, Nilson"]
[Black "Alvarez Albiol, Victor"]
[Result "0-1"]
[WhiteElo "2109"]
[BlackElo "2159"]
[PlyCount "52"]
[EventDate "2023.09.05"]
[EventType "swiss (blitz)"]
[EventRounds "11"]
[EventCountry "USA"]
[SourceTitle "EXT 2024"]
[Source "ChessBase"]
[SourceDate "2023.10.10"]
[SourceVersion "1"]
[SourceVersionDate "2023.10.10"]
[SourceQuality "1"]

1. e4 c5 2. d4 cxd4 3. c3 Nf6 4. e5 Nd5 5. Nf3 e6 6. cxd4 d6 7. Bc4 Be7 8. 0-0 0-0 9. Qe2 b6 10. Nc3 Nxc3 11. bxc3 Bb7 12. Re1 Nd7 13. exd6 Bxd6 14. Ng5 h6 15. Nxe6 Bxh2+ 16. Kxh2 fxe6 17. Bxe6+ Kh8 18. Qh5 Nf6 19. Qh4 Qc7+ 20. Kg1 Rae8 21. Bf4 Qxc3 22. Bxh6 gxh6 23. Qxh6+ Nh7 24. Rac1 Qxd4 25. Rc7 Qxf2+ 26. Kh1 Qxg2# 0-1

[Event "Barcelona Sant Marti op-A 23rd"]
[Site "Barcelona"]
[Date "2023.07.20"]
[Round "8"]
[White "Alvarez Albiol, Victor"]
[Black "Leslie, Alex"]
[Result "0-1"]
[WhiteElo "2214"]
[BlackElo "2088"]
[PlyCount "78"]
[EventDate "2023.07.13"]
[EventType "swiss"]
[EventRounds "9"]
[EventCountry "ESP"]
[SourceTitle "CBM 215 Extra"]
[Source "ChessBase"]
[SourceDate "2023.09.30"]
[SourceVersion "1"]
[SourceVersionDate "2023.09.30"]
[SourceQuality "1"]

1. e4 c6 2. d4 d5 3. e5 Bf5 4. Nf3 e6 5. Be2 c5 6. c3 Nc6 7. 0-0 Bg6 8. Be3 cxd4 9. cxd4 Nge7 10. Bg5 h6 11. Bh4 Qb6 12. Nc3 Nf5 13. Na4 Qa5 14. Rc1 Bh5 15. Qb3 Qb4 16. Qxb4 Bxb4 17. Bg3 Bxf3 18. Bxf3 Nfxd4 19. Bd1 0-0 20. f4 Bd2 21. Rb1 Nf5 22. Be1 Be3+ 23. Kh1 Rfd8 24. Bc2 b5 25. Nc3 a6 26. Bf2 Bxf2 27. Rxf2 Ne3 28. Bd3 Nb4 29. Be2 d4 30. Ne4 d3 31. Bf3 Rac8 32. a3 Nbd5 33. g3 Rc2 34. Re1 Rdc8 35. Rd2 Rxd2 36. Nxd2 Rc2 37. Nb3 Rxb2 38. Nc5 d2 39. Rg1 Nc3 0-1

[Event "Foment Martinenc op-A 23rd"]
[Site "Barcelona"]
[Date "2023.06.10"]
[Round "8"]
[White "Alvarez Albiol, Victor"]
[Black "Garrido Fernandez, Daniel"]
[Result "1-0"]
[WhiteElo "2203"]
[BlackElo "2290"]
[PlyCount "98"]
[EventDate "2023.04.22"]
[EventType "swiss"]
[EventRounds "9"]
[EventCountry "ESP"]
[SourceTitle "EXT 2024"]
[Source "ChessBase"]
[SourceDate "2023.10.10"]
[SourceVersion "1"]
[SourceVersionDate "2023.10.10"]
[SourceQuality "1"]

1. e4 c6 2. d4 d5 3. e5 c5 4. dxc5 e6 5. Nf3 Bxc5 6. a3 f6 7. b4 Be7 8. Bd3 a5 9. b5 Nd7 10. Bb2 Nh6 11. h3 Nf7 12. exf6 Bxf6 13. Bxf6 Qxf6 14. Nbd2 e5 15. Nh2 0-0 16. 0-0 Nc5 17. Be2 a4 18. Ng4 Bxg4 19. Bxg4 Rad8 20. Rb1 e4 21. b6 Ne5 22. Rb5 Qc6 23. Rb4 d4 24. Nc4 Nxg4 25. Qxg4 Na6 26. Na5 Qd5 27. Rxa4 Rd6 28. Nb3 Qe5 29. Qe2 d3 30. cxd3 Qb5 31. Qa2 exd3 32. Rd4 Qxb6 33. Rxd3 Rxd3 34. Nc5+ Kh8 35. Nxd3 Qd4 36. Qb3 Rd8 37. Re1 h6 38. Ne5 Qd5 39. Ng6+ Kh7 40. Qg3 Qd3 41. Nf8+ Kg8 42. Qxd3 Rxd3 43. Ng6 Rxa3 44. Re7 Nc5 45. Rc7 b6 46. Ne7+ Kf8 47. Nf5 Ne6 48. Rc6 Ra1+ 49. Kh2 Kf7 1-0

[Event "Foment Martinenc op-A 23rd"]
[Site "Barcelona"]
[Date "2023.05.27"]
[Round "6"]
[White "Alvarez Albiol, Victor"]
[Black "Morros Faura, Ricard"]
[Result "1-0"]
[WhiteElo "2203"]
[BlackElo "2193"]
[PlyCount "69"]
[EventDate "2023.04.22"]
[EventType "swiss"]
[EventRounds "9"]
[EventCountry "ESP"]
[SourceTitle "EXT 2024"]
[Source "ChessBase"]
[SourceDate "2023.10.10"]
[SourceVersion "1"]
[SourceVersionDate "2023.10.10"]
[SourceQuality "1"]

1. e4 c5 2. Nf3 g6 3. c3 Nc6 4. d4 d5 5. e5 cxd4 6. cxd4 Bg4 7. Bb5 Qb6 8. Nc3 e6 9. Be3 Nh6 10. h3 Bxf3 11. Qxf3 Nf5 12. Qd1 Nxe3 13. fxe3 Bh6 14. Qe2 0-0 15. 0-0 Rac8 16. Rf3 a6 17. Bxc6 Rxc6 18. Raf1 Qc7 19. R1f2 b5 20. e4 dxe4 21. Nxe4 Rc1+ 22. Kh2 f5 23. Nc5 Qc6 24. Nb3 Rb1 25. Qc2 Qxc2 26. Rxc2 b4 27. Rd3 Rd8 28. Nc5 Bf4+ 29. g3 Bh6 30. Nxe6 Re8 31. Nc7 Rc8 32. d5 Re1 33. e6 Bf8 34. d6 Rxe6 35. d7 1-0

[Event "Foment Martinenc op-A 23rd"]
[Site "Barcelona"]
[Date "2023.05.06"]
[Round "3"]
[White "Nunez Lucero, Francisco Alex"]
[Black "Alvarez Albiol, Victor"]
[Result "1/2-1/2"]
[WhiteElo "2036"]
[BlackElo "2203"]
[PlyCount "60"]
[EventDate "2023.04.22"]
[EventType "swiss"]
[EventRounds "9"]
[EventCountry "ESP"]
[SourceTitle "EXT 2024"]
[Source "ChessBase"]
[SourceDate "2023.10.10"]
[SourceVersion "1"]
[SourceVersionDate "2023.10.10"]
[SourceQuality "1"]

1. e4 c5 2. Nc3 e6 3. f4 d5 4. Bb5+ Bd7 5. Bxd7+ Qxd7 6. e5 Nc6 7. Nf3 h5 8. d4 Nh6 9. Be3 Nf5 10. Bf2 cxd4 11. Nxd4 Ncxd4 12. Bxd4 a6 13. 0-0 Rc8 14. Ne2 Be7 15. c3 b5 16. Ng3 g6 17. Nxf5 gxf5 18. b4 h4 19. a4 h3 20. g3 Qc6 21. axb5 axb5 22. Qe2 Bd8 23. Qf2 Ra8 24. Rxa8 Qxa8 25. Rd1 Kd7 26. Rd2 Qa1+ 27. Qf1 Qa6 28. Qf2 Qa1+ 29. Qf1 Qa6 30. Qf2 Qa1+ 1/2-1/2

[Event "Catalunya-chT Gp1"]
[Site "Barcelona"]
[Date "2023.02.11"]
[Round "4.7"]
[White "Alvarez Albiol, Victor"]
[Black "Mayo Casademont, Marti"]
[Result "1/2-1/2"]
[WhiteElo "2195"]
[BlackElo "2270"]
[PlyCount "68"]
[EventDate "2023.01.21"]
[EventType "team-tourn"]
[EventRounds "7"]
[EventCountry "ESP"]
[SourceTitle "CBM 213 Extra"]
[Source "ChessBase"]
[SourceDate "2023.05.31"]
[SourceVersion "1"]
[SourceVersionDate "2023.05.31"]
[SourceQuality "1"]
[WhiteTeam "Foment Martinenc"]
[BlackTeam "Ateneu Colon"]
[WhiteTeamCountry "ESP"]
[BlackTeamCountry "ESP"]

1. e4 e5 2. Nf3 Nc6 3. Bc4 Nf6 4. d3 Be7 5. 0-0 0-0 6. Nc3 d6 7. a4 Nd7 8. a5 a6 9. Nd5 Kh8 10. d4 Nf6 11. dxe5 Nxe5 12. Nxe5 dxe5 13. Nxe7 Qxe7 14. Qe2 Be6 15. b3 Ne8 16. Rd1 Nd6 17. Ba3 Rfd8 18. Bd5 c6 19. Bxe6 Qxe6 20. Qd3 Rd7 21. Bc5 Rad8 22. Qe2 Nb5 23. Qe1 Nd4 24. Rac1 Qg4 25. Bxd4 Rxd4 26. Rxd4 Rxd4 27. f3 Qd7 28. Qc3 f6 29. Re1 Rd2 30. Kf1 Kg8 31. Re2 Rd1+ 32. Re1 Rd2 33. Re2 Rd1+ 34. Re1 Rd2 1/2-1/2

[Event "Catalunya-chT Gp1"]
[Site "Barcelona"]
[Date "2023.02.04"]
[Round "3.8"]
[White "Alvarez Albiol, Victor"]
[Black "Romero Calderon, Juan"]
[Result "1-0"]
[WhiteElo "2195"]
[BlackElo "2100"]
[PlyCount "54"]
[EventDate "2023.01.21"]
[EventType "team-tourn"]
[EventRounds "7"]
[EventCountry "ESP"]
[SourceTitle "CBM 213 Extra"]
[Source "ChessBase"]
[SourceDate "2023.05.31"]
[SourceVersion "1"]
[SourceVersionDate "2023.05.31"]
[SourceQuality "1"]
[WhiteTeam "Foment Martinenc"]
[BlackTeam "Sant Cugat"]
[WhiteTeamCountry "ESP"]
[BlackTeamCountry "ESP"]

1. e4 e6 2. d4 d5 3. Nd2 Nf6 4. e5 Nfd7 5. Bd3 c5 6. c3 Nc6 7. Ndf3 Qb6 8. Ne2 f6 9. exf6 Nxf6 10. 0-0 cxd4 11. cxd4 Bd6 12. Bf4 Bxf4 13. Nxf4 0-0 14. Re1 Ne4 15. g3 Nb4 16. Bxe4 dxe4 17. Rxe4 Nd5 18. Qd2 Bd7 19. Ne5 Be8 20. Nxd5 exd5 21. Re3 Rc8 22. Rc3 Bc6 23. Rac1 Qa6 24. a3 Rf6 25. f4 Rcf8 26. Re3 g5 27. Ng4 Rg6 1-0

[Event "Barcelona Sants op-A 23rd"]
[Site "Barcelona"]
[Date "2022.08.24"]
[Round "6"]
[White "Alvarez Albiol, Victor"]
[Black "Diaz Camallonga, Carles"]
[Result "1/2-1/2"]
[WhiteElo "2329"]
[BlackElo "2474"]
[PlyCount "125"]
[EventDate "2022.08.19"]
[EventType "swiss"]
[EventRounds "10"]
[EventCountry "ESP"]
[SourceTitle "CBM 209 Extra"]
[Source "ChessBase"]
[SourceDate "2022.09.30"]
[SourceVersion "1"]
[SourceVersionDate "2022.09.30"]
[SourceQuality "1"]

1. e4 e6 2. d4 d5 3. Nd2 c5 4. Ngf3 cxd4 5. Nxd4 Nf6 6. exd5 Nxd5 7. N2f3 Bb4+ 8. Bd2 0-0 9. Bxb4 Nxb4 10. c3 N4c6 11. Bc4 Nxd4 12. Qxd4 Qxd4 13. Nxd4 Bd7 14. 0-0 Nc6 15. Rfd1 Nxd4 16. Rxd4 Bc6 17. Rad1 Rfc8 18. f4 Kf8 19. Kf2 a5 20. Be2 Rab8 21. a3 Ke7 22. Bf3 Be8 23. Re1 Rc5 24. g3 b6 25. Re3 Rd8 26. Rxd8 Kxd8 27. Rd3+ Ke7 28. Rd4 h6 29. h4 f6 30. Rd2 Ba4 31. Rd4 Bc2 32. Rd2 Bb3 33. Ke3 Rc7 34. Rd4 Rd7 35. Rxd7+ Kxd7 36. Bg2 Kd6 37. Kd4 a4 38. Bf3 e5+ 39. fxe5+ fxe5+ 40. Ke3 Kc5 41. Be2 Bd5 42. Bd1 b5 43. Be2 Bc4 44. Bd1 Kd5 45. Bf3+ Ke6 46. Bg4+ Kd6 47. Bf3 Bf7 48. Be2 Kc5 49. Ke4 Bc4 50. Bd1 Kd6 51. Bg4 Ba2 52. Be2 Bb1+ 53. Ke3 Kc5 54. Bf1 Ba2 55. Be2 Bd5 56. Bf1 Bb3 57. Be2 Bc4 58. Bd1 Kd5 59. Bf3+ Kd6 60. Bd1 Bf1 61. Kf2 Bd3 62. Ke3 Bc4 63. Bg4 1/2-1/2

[Event "Barbera del Valles op 44th"]
[Site "Barbera del Valles"]
[Date "2022.07.12"]
[Round "9"]
[White "Alvarez Albiol, Victor"]
[Black "Rios, Cristhian Camilo"]
[Result "0-1"]
[WhiteElo "2367"]
[BlackElo "2399"]
[PlyCount "86"]
[EventDate "2022.07.04"]
[EventType "swiss"]
[EventRounds "9"]
[EventCountry "ESP"]
[SourceTitle "EXT 2023"]
[Source "ChessBase"]
[SourceDate "2022.10.05"]
[SourceVersion "1"]
[SourceVersionDate "2022.10.05"]
[SourceQuality "1"]

1. e4 c6 2. Nf3 d5 3. d3 g6 4. Nc3 Bg7 5. Qe2 d4 6. Nb1 e5 7. g3 Ne7 8. Bg2 0-0 9. 0-0 h6 10. c3 c5 11. b4 cxb4 12. cxd4 exd4 13. a3 Nbc6 14. axb4 Nxb4 15. Ba3 Nec6 16. Ne1 Re8 17. Nc2 Nd5 18. Qd2 Nc3 19. Bb2 Na5 20. Ra3 Nxb1 21. Rxb1 b6 22. Ba1 Be6 23. e5 Bd5 24. f4 f6 25. Rb5 Bxg2 26. Qxg2 Rc8 27. Bb2 fxe5 28. fxe5 Bxe5 29. Nb4 Bg7 30. Ra1 Qe7 31. Nd5 Qe1+ 32. Qf1 Qxf1+ 33. Rxf1 Rc2 34. Rf2 Re1+ 35. Kg2 Rxf2+ 36. Kxf2 Rb1 37. Ne7+ Kf7 38. Nc8 Nc6 39. Nd6+ Ke6 40. Nc4 Ne5 41. Nxe5 Bxe5 42. Kf3 Bd6 43. Ke4 Bc5 0-1

[Event "Barbera del Valles op 44th"]
[Site "Barbera del Valles"]
[Date "2022.07.08"]
[Round "5"]
[White "Sanchez, Sebastian Felipe"]
[Black "Alvarez Albiol, Victor"]
[Result "1-0"]
[WhiteElo "2440"]
[BlackElo "2367"]
[PlyCount "61"]
[EventDate "2022.07.04"]
[EventType "swiss"]
[EventRounds "9"]
[EventCountry "ESP"]
[SourceTitle "EXT 2023"]
[Source "ChessBase"]
[SourceDate "2022.10.05"]
[SourceVersion "1"]
[SourceVersionDate "2022.10.05"]
[SourceQuality "1"]

1. d4 Nf6 2. c4 e6 3. g3 d5 4. Nf3 Bb4+ 5. Bd2 Be7 6. Bg2 0-0 7. 0-0 Nbd7 8. Qc2 c6 9. Rd1 b6 10. Bg5 Bb7 11. Nc3 dxc4 12. Nd2 Nd5 13. Bxe7 Qxe7 14. Nxc4 Nxc3 15. Qxc3 Rac8 16. e4 Ba6 17. Ne3 Rfd8 18. Rd2 Nf6 19. Rad1 h6 20. Qb3 Kh8 21. f4 c5 22. e5 Nd5 23. Nxd5 exd5 24. Bxd5 c4 25. Qf3 f5 26. Bc6 Rxc6 27. Qxc6 Bb7 28. Qxc4 Bd5 29. Qd3 Rf8 30. Rc1 g5 31. Qa3 1-0